Mathematical tables and formulae / (Record no. 6919)

MARC details
000 -LEADER
fixed length control field 00614cam a22002171 4500
001 - CONTROL NUMBER
control field BD-DhSAU 6919
003 - CONTROL NUMBER IDENTIFIER
control field BD-DhSAU
005 - DATE AND TIME OF LATEST TRANSACTION
control field 20150514153845.0
008 - FIXED-LENGTH DATA ELEMENTS--GENERAL INFORMATION
fixed length control field 750312s1958 nyua 000 0 eng
040 ## - CATALOGING SOURCE
Original cataloging agency BD-DhSAU
082 ## - DEWEY DECIMAL CLASSIFICATION NUMBER
Classification number 510
Edition number 22
Item number CAM
100 1# - MAIN ENTRY--PERSONAL NAME
Personal name Camm, F. J.
Fuller form of name (Frederick James),
Dates associated with a name 1897-1959.
245 10 - TITLE STATEMENT
Title Mathematical tables and formulae /
Statement of responsibility, etc. F. J. Camm
250 ## - EDITION STATEMENT
Edition statement 6th ed.
260 ## - PUBLICATION, DISTRIBUTION, ETC. (IMPRINT)
Place of publication, distribution, etc. New York :
Name of publisher, distributor, etc. Philosophical Library ,
Date of publication, distribution, etc. c1958.
300 ## - PHYSICAL DESCRIPTION
Extent 129 p. :
Other physical details ill. ;
Dimensions 20 cm.
590 ## - Name of Cataloguer
Name of Cataloger Jerin
650 #0 - SUBJECT ADDED ENTRY--TOPICAL TERM
Topical term or geographic name as entry element Engineering
General subdivision Tables.
650 #0 - SUBJECT ADDED ENTRY--TOPICAL TERM
Topical term or geographic name as entry element Mathematics
General subdivision Formulae.
650 #0 - SUBJECT ADDED ENTRY--TOPICAL TERM
Topical term or geographic name as entry element Plant Pathology
942 ## - ADDED ENTRY ELEMENTS (KOHA)
Source of classification or shelving scheme Dewey Decimal Classification
Koha item type Book
Holdings
Withdrawn status Lost status Source of classification or shelving scheme Damaged status Not for loan Collection code Home library Branch Name Shelving location Date acquired Total Checkouts Full call number Barcode Date last seen Price effective from Koha item type
    Dewey Decimal Classification   Not For Loan Reference SAU Library SAU Library Reference 16/05/1977   510 CAM 2609 14/05/2015 14/05/2015 Book